Underwhelming Movie Titles Quiz Stats

 Plays Quiz Updated Oct 13, 2016

Support Sporcle.
Go Orange.
Score 0/20 Timer 03:00
4 Plays Today
% Correct
Kill
97.5%
Wizard
97.4%
Million
97.4%
Great
97.1%
World
97.1%
Graduate
96.9%
Chariots
96.8%
Mile
96.8%
Hours
96.3%
Everything
95.8%
% Correct
Beauty
95.3%
Golden
95.2%
Dangerous
94.9%
Grand
94.1%
Angry
93.2%
Big
92.9%
Beautiful
92.1%
Good
90.8%
Last
90.8%
Wonderful
89.3%

You're not logged in!

Compare scores with friends on all Sporcle quizzes.
OR
Log In

From the Vault

'H' Sorting Gallery

by alinrotundu

The answers are in alphabetical order at least.
Remove Ads.
Support Sporcle.
Get the best of Sporcle when you Go Orange. This ad-free experience offers more features, more stats, and more fun while also helping to support Sporcle. Thank you for becoming a member.

Show Comments

Extras

Top Quizzes Today


Score Distribution

Your Account Isn't Verified!

In order to create a playlist on Sporcle, you need to verify the email address you used during registration. Go to your Sporcle Settings to finish the process.

Report this User

Report this user for behavior that violates our Community Guidelines.

Details: